Top 100 aktorów Filmweb - Statystyki

Ogólne statystyki
  • Ten quiz został rozwiązany 328 razy
    39 od ostatniego zresetowania
  • Średni wynik to 29 z 100
Statystyki odpowiedzi
Miejsce Aktor % Poprawnych
2 Leonardo DiCaprio
84%
4 Al Pacino
72%
19 Brad Pitt
69%
27 Robert De Niro
69%
11 Tom Hanks
69%
50 Morgan Freeman
66%
5 Anthony Hopkins
63%
3 Jack Nicholson
56%
1 Joaquin Phoenix
53%
9 Johnny Depp
53%
67 Samuel L. Jackson
53%
95 Will Smith
53%
47 Marlon Brando
50%
72 Martin Freeman
50%
8 Robert Downey Jr.
50%
10 Clint Eastwood
47%
41 Timothee Chalamet
47%
46 Denzel Washington
44%
44 Harrison Ford
44%
45 Jim Carrey
44%
55 Ryan Gosling
44%
13 Christian Bale
41%
94 Tom Cruise
41%
63 Tom Holland
41%
58 Adrien Brody
38%
89 Bradley Cooper
38%
82 Chris Evans
38%
84 Christopher Lee
38%
7 Cillian Murphy
38%
96 Daniel Craig
38%
23 Robin Williams
38%
64 Sean Penn
38%
14 Tom Hardy
38%
36 Aaron Paul
34%
6 Alan Rickman
34%
20 Christoph Waltz
34%
18 Edward Norton
34%
33 Gary Oldman
34%
30 Hugh Jackman
34%
48 Russell Crowe
34%
69 Sean Connery
34%
93 Chris Hemsworth
31%
17 Kevin Spacey
31%
56 Ryan Reynolds
31%
21 Benedict Cumberbatch
28%
28 Daniel Day-Lewis
28%
15 Heath Ledger
28%
62 Javier Bardem
28%
79 Jean Reno
28%
22 Matthew McConaughey
28%
29 Viggo Mortensen
28%
24 Bryan Cranston
25%
26 Jake Gyllenhaal
25%
77 Jude Law
25%
74 Mel Gibson
25%
76 Andrew Garfield
22%
52 Colin Firth
22%
16 Ian McKellen
22%
99 Michael Keaton
22%
38 Ralph Fiennes
22%
42 Tom Hiddleston
22%
65 Dustin Hoffman
19%
97 Leslie Nielsen
19%
34 Peter Dinklage
19%
61 Tim Robbins
19%
68 Woody Harrelson
19%
100 Ewan McGregor
16%
98 J.K. Simmons
16%
25 Joe Pesci
16%
73 Paul Walker
16%
66 Pedro Pascal
16%
83 Steve Carell
16%
71 Andrew Scott
13%
85 Austin Butler
13%
12 Bob Odenkirk
13%
43 Eddie Redmayne
13%
39 Geoffrey Rush
13%
54 Gustaf Skarsgard
13%
49 Hugh Laurie
13%
31 James McAvoy
13%
37 Mads Mikkelsen
13%
80 Rainn Wilson
13%
87 Robert Duvall
13%
88 Jason Statham
9%
59 Sam Rockwell
9%
35 Travis Fimmel
9%
91 Willem Dafoe
9%
53 Dylan O Brien
6%
57 Evan Peters
6%
32 Louis de Funes
6%
75 Michael C. Hall
6%
78 Michael Clarke Duncan
6%
81 Sam Claflin
6%
60 Andy Serkis
3%
86 David Tennant
3%
51 Hugo Weaving
3%
40 Jonathan Banks
3%
70 Norman Reedus
3%
92 Wagner Moura
3%
90 Jacob Tremblay
0%
Nie znaleziono quizów pasujących do podanych kryteriów
Rozkład punktacji
Procent ludzi z każdym wynikiem
Percentyl według liczby udzielonych odpowiedzi
Twoja historia wyników
Nie rozwiązałeś tego quizu od ostatniego zresetowania